Mes loisirs (Record no. 78453)
[ view plain ]
| 000 -LEADER | |
|---|---|
| campo de control de longitud fija | 00953nam a2200229 i 4500 |
| 001 - NÚMERO DE CONTROL | |
| campo de control | 78453 |
| 003 - IDENTIFICADOR DE NÚMERO DE CONTROL | |
| campo de control | ES-MaACL |
| 005 - FECHA Y HORA DE LA ÚLTIMA TRANSACCIÓN | |
| campo de control | 20230906173715.0 |
| 007 - CAMPO FIJO DE DESCRIPCIÓN FÍSICA--INFORMACIÓN GENERAL | |
| campo de control de longitud fija | t| |
| 008 - DATOS DE LONGITUD FIJA--INFORMACIÓN GENERAL | |
| campo de control de longitud fija | 041014s1912 fr ||||1| fre d |
| 100 1# - ENTRADA PRINCIPAL--NOMBRE DE PERSONA | |
| Nombre de persona | Hardy, Siméon-Prosper. |
| 9 (RLIN) | 61837 |
| 245 10 - MENCIÓN DEL TÍTULO | |
| Título | Mes loisirs |
| Resto del título | : journal d'evenéments tels qu'ils parviennent a ma connaissance (1746-1789) / |
| Mención de responsabilidad, etc. | par S.P. Hardy ; publiée d'aprés le manuscrit aulographe et inédit de la Bib. Nationale, por Maurice Tourneux et Maurice Vitrac. |
| 260 ## - PUBLICACIÓN, DISTRIBUCIÓN, ETC. | |
| Lugar de publicación, distribución, etc. | Paris : |
| Nombre del editor, distribuidor, etc. | Alphonse Picard et Fils, |
| Fecha de publicación, distribución, etc. | 1912 ( |
| Lugar de fabricación/manufactura | Saunier : |
| Fabricante | Imp. Moderne) |
| 300 ## - DESCRIPCIÓN FÍSICA | |
| Extensión | XXI, 445 p. ; |
| Dimensiones | 23 cm. |
| 490 1# - MENCIÓN DE SERIE | |
| Mención de serie | Mémoires et documents inédits du siécle XVIII-XIX |
| 505 8# - NOTA DE CONTENIDO CON FORMATO | |
| Nota de contenido con formato | Contiene: Tome Prémier 1764-1773 |
| 700 1# - ENTRADA AGREGADA--NOMBRE PERSONAL | |
| Nombre de persona | Tourneux, Maurice. |
| 9 (RLIN) | 111146 |
| 700 1# - ENTRADA AGREGADA--NOMBRE PERSONAL | |
| Nombre de persona | Vitrac, Maurice. |
| 9 (RLIN) | 115527 |
| 830 0# - PUNTO DE ACCESO ADICIONAL DE SERIE-TÍTULO UNIFORME | |
| Título uniforme | Mémoires et documents inédits du siécle XVIII-XIX |
| 9 (RLIN) | 231396 |
| 852 ## - LOCALIZACIÓN | |
| Ubicación | ES-MaACL |
| Número de control de estantería | B-13593 |
| Estatus retirado | Estado de pérdida | Estado de daño | No para préstamo | Biblioteca de origen | Biblioteca actual | Ubicación en estantería | Fecha de adquisición | Fuente de adquisición | Total de préstamos | Signatura topográfica completa | Código de barras | Visto por última vez | Precio de reemplazo | Tipo de ítem Koha |
|---|---|---|---|---|---|---|---|---|---|---|---|---|---|---|
| Biblioteca del Ateneo de Madrid | Biblioteca del Ateneo de Madrid | Sala Pardo Bazán | 17/01/2008 | B-13593 | 1082061 | 23/02/2023 | 23/02/2023 | Libro impreso |
